| 000 | 00749nam a2200193 i 4500 | ||
|---|---|---|---|
| 001 | 43096 | ||
| 003 | ES-MaACL | ||
| 005 | 20230906160730.0 | ||
| 007 | t| | ||
| 008 | 030314s1882 mx |||| |dspa d | ||
| 080 | _a929Teresa de Jesús, Santa | ||
| 245 | 0 | 4 |
_aTercer centenario de Santa Teresa de Jesús _b: breve reseña de las solemnidades celebradas en Toluca el día 15 de octubre de 1882 : con los discursos y poesías leídos en la velada que con tal motivo se verificó. |
| 246 | 3 | _aIII Centenario de Santa Teresa de Jesús | |
| 260 |
_aMéjico : _b[El Centinela Español], _c1882. |
||
| 300 |
_a131 p. ; _c15 cm. |
||
| 600 | 0 | 0 |
_aTeresa de Jesús, _cSanta, _d1515-1582 _9226510 |
| 852 |
_aES-MaACL _jT-408-F-1 |
||
| 999 |
_c43096 _d43096 |
||